<?xml version="1.0" encoding="UTF-8"?>
<marc:record xmlns:marc="http://www.loc.gov/MARC21/slim">
   <marc:leader>00000nam a2200000 a 4500</marc:leader>
   <marc:datafield ind1="1" ind2=" " tag="100">
      <marc:subfield code="a">Gerthsen, Christian</marc:subfield>
   </marc:datafield>
   <marc:datafield ind1="1" ind2=" " tag="100">
      <marc:subfield code="a">Meschede, Dieter</marc:subfield>
      <marc:subfield code="4">edt</marc:subfield>
      <marc:subfield code="e">Bearbeiter/-in</marc:subfield>
   </marc:datafield>
   <marc:datafield ind1=" " ind2=" " tag="653">
      <marc:subfield code="a">Physik</marc:subfield>
   </marc:datafield>
   <marc:datafield ind1=" " ind2=" " tag="653">
      <marc:subfield code="a">Softcover / Physik</marc:subfield>
   </marc:datafield>
   <marc:datafield ind1=" " ind2=" " tag="653">
      <marc:subfield code="a">Astronomie/Mechanik</marc:subfield>
   </marc:datafield>
   <marc:datafield ind1=" " ind2=" " tag="653">
      <marc:subfield code="a">Akustik</marc:subfield>
   </marc:datafield>
   <marc:datafield ind1=" " ind2=" " tag="653">
      <marc:subfield code="a">Lehrbuch</marc:subfield>
   </marc:datafield>
   <marc:datafield ind1="0" ind2="0" tag="245">
      <marc:subfield code="a">Gerthsen Physik</marc:subfield>
   </marc:datafield>
   <marc:datafield ind1="0" ind2="0" tag="245">
      <marc:subfield code="c">Dieter Meschede. Bis zur 20. Aufl. betreut von Helmut Vogel</marc:subfield>
   </marc:datafield>
   <marc:datafield ind1=" " ind2="1" tag="264">
      <marc:subfield code="a">Berlin</marc:subfield>
      <marc:subfield code="b">Springer</marc:subfield>
      <marc:subfield code="c">2010</marc:subfield>
   </marc:datafield>
   <marc:datafield ind1="1" ind2=" " tag="490">
      <marc:subfield code="a">Springer-Lehrbuch</marc:subfield>
   </marc:datafield>
   <marc:datafield ind1=" " ind2=" " tag="250">
      <marc:subfield code="a">24., überarb. Aufl.</marc:subfield>
   </marc:datafield>
   <marc:datafield ind1="1" ind2=" " tag="520">
      <marc:subfield code="a">Angaben aus der Verlagsmeldung

Gerthsen Physik

Für die Studierenden der Physik im Haupt- und Nebenfach ist der Gerthsen ein unverzichtbarer und kompetenter Begleiter durch das gesamte Studium. Nahezu alle Studierenden beginnen mit dem Klassiker Gerthsen. Sämtliche Gebiete der Physik werden ausführlich und gut verständlich dargestellt. Das Buch beginnt bei den klassischen Themen - Mechanik, Elektrodynamik, Optik, Festkörperphysik - und führt auf dieser Grundlage in die mikroskopischen Eigenschaften der Materie, die statistische Physik und die Relativitätstheorie ein und erklärt schließlich die faszinierenden Konsequenzen für unser Verständnis von der Nichtlinearen Dynamik unserer Welt und der Entwicklung des Kosmos.
Über 1000 durchgerechnete Übungen und Beispiele vertiefen den Stoff und erweitern das Wissenspektrum. Der Gerthsen ist ein sehr dynamisches Lehrbuch und reflektiert die Weiterentwicklung der Physik durch einbeziehen modernster Themen der Physik und durch eine ständig aktualisierte Homepage www.gerthsen.de, auf der zahlreiches ergänzendes Material und zu allen wichtigen Themen interaktive Animationen und Experimente zu finden sind.

Die neue Auflage wurde komplett neu bearbeitet, neue Kapitel zur Mechanik und zur Optik geben eine moderne Einführung in diese zentralen Themengebiete. Das neue Layout und die neue Gliederung der Kapitel und Aufgaben schaffen eine gute Übersicht und unterstützen die schnelle Einarbeitung. Alle für das Bachelor-Studium besonders wichtigen Abschnitte sind jetzt besonders gekennzeichnet.
</marc:subfield>
   </marc:datafield>
   <marc:datafield ind1=" " ind2=" " tag="020">
      <marc:subfield code="a">9783642128936</marc:subfield>
      <marc:subfield code="9">9783642128936</marc:subfield>
   </marc:datafield>
   <marc:datafield ind1=" " ind2=" " tag="041">
      <marc:subfield code="a">ger</marc:subfield>
   </marc:datafield>
   <marc:datafield ind1=" " ind2=" " tag="300">
      <marc:subfield code="a">XV, 1047 S.</marc:subfield>
   </marc:datafield>
</marc:record>
